01358nam a2200337 a 4500001001200000003000800012006001900020007001500039008004100054020001800095020002700113040002100140035002100161050002600182100002100208245016600229260003700395300002300432440003500455500002000490533015200510650005600662650004100718650002100759650002600780655002900806700002500835710001700860856012600877999001701003ebr10654596CaPaEBRm u cr cn|||||||||130222s2013 enka s 001 0 eng d z9781849517287 z9781849517294 (e-book) aCaPaEBRcCaPaEBR a(OCoLC)83458978514aQA76.9.D5bP47 2013eb1 aPerera, Srinath.10aHadoop MapReduce cookbookh[electronic resource] :brecipes for analyzing large and complex datasets with Hadoop MapReduce /cSrinath Perera, Thilina Gunarathne. aBirmingham :bPackt Pub.,c2013. aiv, 284 p. :bill. 0aCommunity experience distilled aIncludes index. aElectronic reproduction.bPalo Alto, Calif. :cebrary,d2013.nAvailable via World Wide Web.nAccess may be limited to ebrary affiliated libraries. 0aElectronic data processingxDistributed processing. 0aFile organization (Computer science) 0aCloud computing. 0aOpen source software. 7aElectronic books.2local1 aGunarathne, Thilina.2 aebrary, Inc.40uhttp://site.ebrary.com/lib/rucke/Doc?id=10654596zAn electronic book accessible through the World Wide Web; click to view c76789d76789